| 000 | 00611nam a22001817a 4500 | ||
|---|---|---|---|
| 005 | 20260301151714.0 | ||
| 010 | _aBACEN26 | ||
| 020 |
_a9789371057202 _c1695.00 |
||
| 037 | _bHimalaya Publishing House | ||
| 082 | _a344.540 | ||
| 100 |
_aSharma, Satish K. _987959 |
||
| 245 |
_aSocial Pharmacy/ _cSatish K. Sharma [and] Tanuja Singh |
||
| 260 |
_aMumbai _bHimalaya Publishing House _c2025 |
||
| 270 |
_aBhalero Marg, Girgaon, Mumbai _bMumbai _e400004 _k02223860170 _mhimpub@bharatmail.co.in; |
||
| 300 |
_a293 p. _c26cm(pb) |
||
| 700 |
_aTanuja Singh _987704 |
||
| 942 |
_2ddc _cEN _mSHA _h344.540 |
||
| 999 |
_c215136 _d215136 |
||